| 000 | 00449 a2200169 4500 | ||
|---|---|---|---|
| 005 | 20260409154305.0 | ||
| 008 | 260409b |||||||| |||| 00| 0 eng d | ||
| 020 | _a9789370335707 | ||
| 040 | _cSDCL | ||
| 041 |
_2eng _aeng |
||
| 084 | _aV2'P R5 | ||
| 100 | _aMisra, Salil | ||
| 245 |
_aSlices of Indian History ; _bThe Story of India’s Transformation |
||
| 260 |
_aDelhi : _bPrimus Books, _c2025. |
||
| 300 | _aix, 328p. | ||
| 942 |
_cTEXL _2CC |
||
| 999 |
_c1848094 _d1848094 |
||